LIBRARY & INFORMATION CENTRE, KCAET, TAVANUR

ONLINE PUBLIC ACCESS CATALOGUE (OPAC)

Bharatha brihadcharitam, Vol 1 / (Record no. 4550)

MARC details
000 -LEADER
fixed length control field 00511cam a2200193ua 4500
041 ## - LANGUAGE CODE
Language code of text/sound track or separate title mal
082 ## - DEWEY DECIMAL CLASSIFICATION NUMBER
Classification number 954.01
Item number MAJ/BH
100 ## - MAIN ENTRY--AUTHOR NAME
Personal name Majumdar, R C.
245 ## - TITLE STATEMENT
Title Bharatha brihadcharitam, Vol 1 /
260 ## - PUBLICATION, DISTRIBUTION, ETC. (IMPRINT)
Place of publication Thiruvananthapuram :
Name of publisher State Instititute of Languages ,
Year of publication 1970.
300 ## - PHYSICAL DESCRIPTION
Number of Pages 305 ; .
700 1# - ADDED ENTRY--PERSONAL NAME
Personal name Datta, Kali Kinkar .
700 1# - ADDED ENTRY--PERSONAL NAME
Personal name Raychaudhari, H C .
942 ## - ADDED ENTRY ELEMENTS (KOHA)
Koha item type Books
Holdings
Withdrawn status Lost status Damaged status Home library Current library Date acquired Full call number Accession Number Koha item type
Withdrawn     KAUAET KAUAET 07/04/2012 954.01 13037 Books
free website counter